000 00634nam a2200229Ia 4500
008 220216s9999 xx 000 0 und d
100 _aYehia A.A.
245 0 _aPreparation and characterization of polymer-clay nanocomposites for specific applications
260 _bKautschuk Gummi Kunststoffe
_c2009
300 _a580-588
650 _aNanocomposites
650 _aNatural rubber
650 _aSynthetic rubber
650 _aThermal ageing
650 _aVulcanization
700 _aAkelha A.M.
700 _ael Nashar D.E.
700 _aEl-Sabbagh S.H.
700 _aKoriem A.A.
700 _aRehab A.
942 _cJS
999 _c65544
_d65544